000 00608nam a2200181 i 4500
001 31540
003 ES-MaACL
005 20230906154411.0
007 t|
008 030129s1963 sp ||||1| spa d
100 1 _aBenevolo, Leonardo.
_927554
245 1 0 _aHistoria de la Arquitectura Moderna /
_cLeonardo Benevolo ; [versión española de María Castaldi y Jesús Fernández Santos].
260 _aMadrid :
_bTaurus,
_c1963.
300 _a2 v., 87 lám. :
_bil. ;
_c25 cm.
700 1 _aCastaldi, María.
_936383
700 1 _aFernández Santos, Jesús.
_950079
852 _aES-MaACL
_jC-25240-1
_bR.54157
999 _c31540
_d31540